[Event "TSV Kareth-Lappersdorf-Empor Berlin"]
[Site "Naumburg"]
[Date "2010.12.28"]
[Round "4.3"]
[White "Lachmann, Daniel"]
[Black "Zwetz, Jasmin"]
[Result "1/2-1/2"]
[WhiteElo "1670"]
[BlackElo "1569"]
[PlyCount "62"]
[EventDate "2010.??.??"]
[WhiteTeam "Empor Berlin"]
[BlackTeam "TSV Kareth-Lappersdorf"]

1. Nf3 e6 2. g3 d5 3. Bg2 c5 4. O-O Nc6 5. d4 cxd4 6. Nxd4 Bd6 7. c4 Nge7 8.
cxd5 exd5 9. Nc3 Be6 10. Nxe6 fxe6 11. Nb5 a6 12. Nxd6+ Qxd6 13. e3 O-O 14. b3
Rf7 15. Bb2 Raf8 16. Rc1 e5 17. Qg4 e4 18. h4 Ne5 19. Bxe5 Qxe5 20. Bh3 Qb2 21.
Qd7 Kh8 22. Qxb7 Qxa2 23. Ra1 Qb2 24. Qxa6 Qxb3 25. Qa3 Qxa3 26. Rxa3 Rf6 27.
Ra7 Nc6 28. Rd7 Rd8 29. Rc1 Rxd7 30. Bxd7 Ne7 31. Ra1 h6 1/2-1/2

[Event "TSV Kareth-Lappersdorf-Empor Berlin"]
[Site "Naumburg"]
[Date "2010.12.28"]
[Round "4.4"]
[White "Wild, Michael"]
[Black "Alcer, Fabian"]
[Result "0-1"]
[WhiteElo "1200"]
[BlackElo "1625"]
[PlyCount "74"]
[EventDate "2010.??.??"]
[WhiteTeam "TSV Kareth-Lappersdorf"]
[BlackTeam "Empor Berlin"]

1. e4 e5 2. Nf3 Nc6 3. Bc4 Bc5 4. b4 Bxb4 5. c3 Ba5 6. d4 exd4 7. Nxd4 d6 8.
O-O Nf6 9. Bg5 h6 10. Be3 O-O 11. Qf3 Ne5 12. Qe2 Re8 13. Bd5 c6 14. Bb3 Nxe4
15. c4 Ng4 16. Qf3 Nxe3 17. Qxe3 Nd2 18. Qd3 Nxf1 19. Qxf1 Re1 20. Qxe1 Bxe1
21. Na3 Qe7 22. Nf3 Bc3 23. Rc1 Bb2 24. Re1 Be6 25. Nc2 Qf6 26. Rd1 Rd8 27. Re1
d5 28. cxd5 Bxd5 29. Ba4 Bxf3 30. gxf3 Qxf3 31. Nb4 Rd2 32. Rf1 Be5 33. Nc2 Qh3
34. Rc1 Bxh2+ 35. Kh1 Bb8+ 36. Kg1 Qh2+ 37. Kf1 Qh1# 0-1

[Event "Erfurter Schachklub-SK Gernsheim"]
[Site "Naumburg"]
[Date "2010.12.28"]
[Round "4.2"]
[White "Bodenstein, Lars"]
[Black "Fornoff, Robin"]
[Result "0-1"]
[WhiteElo "1441"]
[BlackElo "1663"]
[PlyCount "86"]
[EventDate "2010.??.??"]
[WhiteTeam "Erfurter Schachklub"]
[BlackTeam "SK Gernsheim"]

1. d4 d5 2. c4 dxc4 3. Nc3 e5 4. Qa4+ Nd7 5. Qxc4 Nb6 6. Qb5+ c6 7. Qxe5+ Be7
8. Nf3 Nf6 9. e4 O-O 10. Bf4 Re8 11. Qc7 Qxc7 12. Bxc7 Bb4 13. Nd2 Nxe4 14.
Ndxe4 Rxe4+ 15. Be2 Nd5 16. f3 Re8 17. Kf2 Bxc3 18. bxc3 Nxc7 19. Rab1 Nd5 20.
Rb3 Nf4 21. Bc4 b5 22. Bf1 Be6 23. Rb2 Rad8 24. g3 Nd5 25. Rc2 Bf5 26. Rc1 Re3
27. c4 bxc4 28. Bxc4 Rc3 29. Bxd5 Rxc1 30. Bxf7+ Kxf7 31. Rxc1 Rxd4 32. Ke3 Ra4
33. Rc5 Be6 34. Rxc6 Rxa2 35. Rc7+ Kf6 36. Kf4 a5 37. Ra7 a4 38. g4 g5+ 39. Ke4
h6 40. h3 a3 41. Ke3 Ra1 42. Kd2 a2 43. Kc2 Rb1 0-1

[Event "Erfurter Schachklub-SK Gernsheim"]
[Site "Naumburg"]
[Date "2010.12.28"]
[Round "4.3"]
[White "Müller, Markus"]
[Black "Meichsner, Marwin"]
[Result "1/2-1/2"]
[WhiteElo "1556"]
[BlackElo "1349"]
[PlyCount "81"]
[EventDate "2010.??.??"]
[WhiteTeam "SK Gernsheim"]
[BlackTeam "Erfurter Schachklub"]

1. d4 Nf6 2. Bg5 d6 3. Bxf6 gxf6 4. e4 e5 5. Nc3 Nc6 6. Bb5 Bd7 7. Nge2 Ne7 8.
Ng3 Bxb5 9. Nxb5 Qd7 10. Nc3 Bg7 11. Nh5 Rg8 12. Nxg7+ Rxg7 13. g3 O-O-O 14. d5
f5 15. Qe2 fxe4 16. Nxe4 Nxd5 17. O-O-O Qe6 18. Qd2 Nb6 19. Qa5 Kb8 20. Rd3
Rgg8 21. Ra3 a6 22. Qc3 f5 23. Nd2 Qh6 24. Kb1 f4 25. Ne4 fxg3 26. Nxg3 Rdf8
27. Qe1 Rf7 28. Qe2 Rgf8 29. f3 Nd5 30. Rb3 Ka8 31. Qe4 Nb6 32. Qe2 Qf4 33. Rf1
d5 34. a3 Qg5 35. Re1 h5 36. Qxe5 Qxe5 37. Rxe5 h4 38. Ne2 Rxf3 39. Rb4 h3 40.
Rh4 c5 41. Nc3 1/2-1/2

[Event "Erfurter Schachklub-SK Gernsheim"]
[Site "Naumburg"]
[Date "2010.12.28"]
[Round "4.4"]
[White "Scheitz, Sebastian"]
[Black "Hofmann, Christoph"]
[Result "0-1"]
[WhiteElo "1406"]
[BlackElo "1640"]
[PlyCount "56"]
[EventDate "2010.??.??"]
[WhiteTeam "Erfurter Schachklub"]
[BlackTeam "SK Gernsheim"]

1. d4 d5 2. c4 dxc4 3. Nc3 Nf6 4. Bg5 e6 5. e3 c5 6. Nf3 a6 7. a4 Nc6 8. Bxc4
Be7 9. O-O O-O 10. Rb1 cxd4 11. Nxd4 Nxd4 12. Qxd4 Qxd4 13. exd4 b6 14. Rfd1
Bb7 15. Bxf6 Bxf6 16. d5 Rac8 17. Ba2 exd5 18. Nxd5 Bxd5 19. Bxd5 Rc2 20. b4
Rd8 21. Bxf7+ Kxf7 22. Rxd8 Bxd8 23. b5 a5 24. Rd1 Be7 25. g3 Bc5 26. Rf1 Ra2
27. Kg2 Rxa4 28. Rb1 Rb4 0-1

[Event "SK Ettlingen-LSV Turm Lippstadt"]
[Site "Naumburg"]
[Date "2010.12.28"]
[Round "4.1"]
[White "Tran, Duc Cuong"]
[Black "Imgrunt, Philipp"]
[Result "1-0"]
[WhiteElo "1945"]
[BlackElo "1550"]
[PlyCount "57"]
[EventDate "2010.??.??"]
[WhiteTeam "LSV Turm Lippstadt"]
[BlackTeam "SK Ettlingen"]

1. e4 e6 2. d3 d5 3. Nd2 Nf6 4. Ngf3 c5 5. g3 Nc6 6. Bg2 b5 7. O-O Be7 8. Re1
a5 9. exd5 exd5 10. c4 b4 11. cxd5 Nxd5 12. Nc4 Bb7 13. d4 O-O 14. dxc5 Bxc5
15. Nfe5 Nxe5 16. Rxe5 Re8 17. Rxd5 Bxd5 18. Bxd5 Qf6 19. Be3 Bxe3 20. Nxe3
Rad8 21. Qb3 g6 22. Rd1 Kg7 23. Ng4 Qg5 24. Qc4 Rd6 25. Qd4+ Kf8 26. Ne3 h5 27.
Qc5 Red8 28. Nc4 Qg4 29. f3 1-0

[Event "SK Ettlingen-LSV Turm Lippstadt"]
[Site "Naumburg"]
[Date "2010.12.28"]
[Round "4.3"]
[White "Valledor Pereira, Dominik Damian"]
[Black "Weber, Clemens"]
[Result "0-1"]
[WhiteElo "1531"]
[BlackElo "1504"]
[PlyCount "50"]
[EventDate "2010.??.??"]
[WhiteTeam "LSV Turm Lippstadt"]
[BlackTeam "SK Ettlingen"]

1. e4 e5 2. Nf3 Nc6 3. Bc4 Bc5 4. O-O Nf6 5. Re1 d6 6. h3 Be6 7. Bb3 h6 8. c3
O-O 9. d4 Bxb3 10. axb3 exd4 11. cxd4 Bb6 12. Nc3 Re8 13. Bf4 a6 14. Qd2 Re7
15. Rad1 Qe8 16. e5 dxe5 17. dxe5 Nd7 18. Bxh6 gxh6 19. Qxh6 Qf8 20. Qh5 Qg7
21. Re4 Ndxe5 22. Nxe5 Nxe5 23. Rd3 Rae8 24. Rg4 Nxg4 25. Rg3 Re1# 0-1

[Event "BSG Chemie Leipzig-Heilbronner SV"]
[Site "Naumburg"]
[Date "2010.12.28"]
[Round "4.2"]
[White "Schmücker, Felix"]
[Black "Mikeler, Marcel"]
[Result "1-0"]
[WhiteElo "1872"]
[BlackElo "1377"]
[PlyCount "105"]
[EventDate "2010.??.??"]
[WhiteTeam "BSG Chemie Leipzig"]
[BlackTeam "Heilbronner SV"]

1. e4 c5 2. Nf3 Nc6 3. d4 cxd4 4. Nxd4 g6 5. c4 Bg7 6. Be3 d6 7. Nc3 Nf6 8. Be2
O-O 9. O-O Bd7 10. Kh1 a6 11. Nc2 Rc8 12. f3 Qc7 13. Na4 Nd8 14. Nb6 Rb8 15.
Rc1 Ne6 16. b4 Rfe8 17. a4 h5 18. a5 Kh8 19. Qd2 Kh7 20. Na3 Qd8 21. Rc2 Bc8
22. Nb1 Nd7 23. Nc3 Bxc3 24. Rxc3 Nxb6 25. Bxb6 Qd7 26. f4 Ng7 27. f5 Qc6 28.
fxg6+ fxg6 29. Bd4 e5 30. Be3 Be6 31. Rd1 Rbd8 32. Qc2 Rf8 33. b5 Qc7 34. Bb6
Qc8 35. Bxd8 Rxd8 36. bxa6 bxa6 37. c5 d5 38. exd5 Bxd5 39. Bd3 Nf5 40. Bxf5
gxf5 41. Rcd3 Qe6 42. Qd2 Bxg2+ 43. Qxg2 Rg8 44. Rd7+ Kh8 45. Rd8 Rxd8 46.
Rxd8+ Kh7 47. Qb7+ Kg6 48. Rd6 Qxd6 49. cxd6 e4 50. d7 e3 51. d8=Q e2 52. Qd6+
Kg5 53. Qg2+ 1-0

[Event "BSG Chemie Leipzig-Heilbronner SV"]
[Site "Naumburg"]
[Date "2010.12.28"]
[Round "4.4"]
[White "Schlimpert, Vanessa"]
[Black "Wenninger, Patrick"]
[Result "1-0"]
[WhiteElo "1305"]
[BlackElo "783"]
[PlyCount "115"]
[EventDate "2010.??.??"]
[WhiteTeam "BSG Chemie Leipzig"]
[BlackTeam "Heilbronner SV"]

1. e4 c6 2. Nf3 d5 3. exd5 cxd5 4. d4 Nc6 5. Bf4 Nf6 6. c3 Bf5 7. Bd3 Bxd3 8.
Qxd3 e6 9. Nbd2 Bd6 10. Ne5 Qc7 11. Ndf3 Ne4 12. O-O O-O 13. c4 f6 14. c5 Bxe5
15. dxe5 fxe5 16. Bg5 Nxc5 17. Qc2 e4 18. Nd2 Nd7 19. Qd1 Nf6 20. f3 exf3 21.
Qxf3 Ne4 22. Qg4 Nxg5 23. Qxg5 Qe5 24. Qh4 Qe3+ 25. Rf2 Qxf2+ 26. Qxf2 Rxf2 27.
Kxf2 d4 28. Rd1 e5 29. Nf3 Rd8 30. Nd2 Kf7 31. Kf3 Kf6 32. Ke4 h5 33. h3 Nb4
34. a3 Nc6 35. g3 Ne7 36. Nc4 Nc8 37. Nxe5 Nd6+ 38. Kd5 Nf5+ 39. Ke4 Nxg3+ 40.
Kf4 Nf5 41. Rg1 d3 42. Rg6+ Ke7 43. Nxd3 Rxd3 44. Kxf5 Rf3+ 45. Kg5 Rg3+ 46.
Kxh5 Rxh3+ 47. Kg4 Rh6 48. Rxg7+ Kf6 49. Rxb7 Rh2 50. b4 Rg2+ 51. Kf4 Rg7 52.
Rxg7 Kxg7 53. Ke5 Kf7 54. Kd6 Ke8 55. Kc7 Ke7 56. a4 a6 57. b5 axb5 58. axb5
1-0